Preservation of food by ionizing radiation / (Record no. 12583)

000 -LEADER
fixed length control field 00516cam a2200181 a 4500
020 ## - INTERNATIONAL STANDARD BOOK NUMBER
ISBN 0849353238 (v. 1)
020 ## - INTERNATIONAL STANDARD BOOK NUMBER
ISBN 0849353246 (v. 2)
020 ## - INTERNATIONAL STANDARD BOOK NUMBER
ISBN 0849353254 (v. 3)
040 ## - CATALOGING SOURCE
Transcribing agency DLC
082 00 - DEWEY DECIMAL CLASSIFICATION NUMBER
Classification number 664 CRC 1983 A043 Or.
245 00 - TITLE STATEMENT
Title Preservation of food by ionizing radiation /
260 ## - PUBLICATION, DISTRIBUTION, ETC. (IMPRINT)
Place of publication Boca Raton, Fla. :
Name of publisher CRC Press,
Year of publication c1982-c1983.
300 ## - PHYSICAL DESCRIPTION
Number of Pages 3 v. :
Other physical details ill. ;
Dimensions 26 cm.
650 #0 - SUBJECT ADDED ENTRY--TOPICAL TERM
Topical Term Radiation preservation of food.
700 1# - ADDED ENTRY--PERSONAL NAME
Personal name Josephson, Edward S.
700 1# - ADDED ENTRY--PERSONAL NAME
Personal name Peterson, Martin S.
942 ## - ADDED ENTRY ELEMENTS (KOHA)
Koha item type សៀវភៅភាសាអង់គ្លេស
952 ## - LOCATION AND ITEM INFORMATION (KOHA)
Withdrawn status [LOCAL, KOHA] 0
952 ## - LOCATION AND ITEM INFORMATION (KOHA)
Withdrawn status [LOCAL, KOHA] 0
952 ## - LOCATION AND ITEM INFORMATION (KOHA)
Withdrawn status [LOCAL, KOHA] 0
Holdings
Permanent Location Date acquired Koha item type Lost status Shelving location Barcode Current Location Full call number
Library Block A2017-08-15សៀវភៅភាសាអង់គ្លេស A043A15405Library Block A664 CRC 1983 A043 Or.
Library Block A2017-08-31សៀវភៅភាសាអង់គ្លេស A048A17076Library Block A664 CRC 1983 A048 Or.
Library Block A2018-01-17សៀវភៅភាសាអង់គ្លេស A105A24042Library Block A664 CRC 1983 A105 Or.
មជ្ឈមណ្ឌលឯការនៃសាកលវិទ្យាល័យភូមិន្ទកសិកម្មចំការដូង

Powered by Koha